Constitution for 21st century India (Record no. 516704)

000 -LEADER
fixed length control field 00271nam a22000977a 4500
082 ## - DEWEY DECIMAL CLASSIFICATION NUMBER
Classification number TNC C4x54 Sa79
100 ## - MAIN ENTRY--PERSONAL NAME
Personal name Sastry,Kambhampati S
9 (RLIN) 23271
245 ## - TITLE STATEMENT
Title Constitution for 21st century India
Statement of responsibility, etc By Kambhampati S. Sastry
260 ## - PUBLICATION, DISTRIBUTION, ETC. (IMPRINT)
Place of publication, distribution, etc Hyderabad
Name of publisher, distributor, etc ICFAI
Date of publication, distribution, etc 2004
300 ## - PHYSICAL DESCRIPTION
Extent 166p.
Holdings
Withdrawn status Lost status Source of classification or shelving scheme Damaged status Koha normalized classification for sorting Not for loan Permanent location Current location Date acquired Full call number Barcode Date last seen Price effective from Koha item type
        TNC_C4X54_SA79   Indian Institute of Public Administration Indian Institute of Public Administration 2021-03-11 TNC C4x54 Sa79 GR23355 2021-03-11 2021-03-11 GR

Powered by Koha